00448nam a2200121Ia 4500008004100000082002000041100002600061245006800087260002900155365000600184630006800190730006800258100415s9999 xx 000 0 und d b11013a598.2923 aHayman Peter [et al] aShorebirds : an identification guide to the waders of the world aLONDONc1986bCROOM HELM b0 aShorebirds : an identification guide to the waders of the world aShorebirds : an identification guide to the waders of the world